<?xml version="1.0" encoding="UTF-8"?>
<record
    xmlns:xsi="http://www.w3.org/2001/XMLSchema-instance"
    xsi:schemaLocation="http://www.loc.gov/MARC21/slim http://www.loc.gov/standards/marcxml/schema/MARC21slim.xsd"
    xmlns="http://www.loc.gov/MARC21/slim">

  <leader>01249nam a22001577a 4500</leader>
  <datafield tag="999" ind1=" " ind2=" ">
    <subfield code="c">523060</subfield>
    <subfield code="d">523060</subfield>
  </datafield>
  <controlfield tag="008">230628b           ||||| |||| 00| 0 eng d</controlfield>
  <datafield tag="100" ind1=" " ind2=" ">
    <subfield code="a">Mishra, Santap Sanhari </subfield>
    <subfield code="9">42012</subfield>
  </datafield>
  <datafield tag="245" ind1=" " ind2=" ">
    <subfield code="a">&#x2018;5T&#x2019; Approach to governance transformation: Finding a doctrinal basis for further research</subfield>
  </datafield>
  <datafield tag="260" ind1=" " ind2=" ">
    <subfield code="a">Indian Journal of Public Administration </subfield>
  </datafield>
  <datafield tag="300" ind1=" " ind2=" ">
    <subfield code="a">69(2), Jun, 2023: p.400-414</subfield>
  </datafield>
  <datafield tag="520" ind1=" " ind2=" ">
    <subfield code="a">Public management reform is a continuum that accommodates various reform approaches with the passage of time. The basic objective of such approaches is to transform governance by enabling the swifter and better delivery of public services to citizens. In 2019, the government of Odisha, a state in India, introduced teamwork, transparency, technology and a time-bound programme for transforming governance (popularly called the 5Ts), aiming to provide good governance to its citizens. This article searches for a proper theory to fit this popular practice of the 5Ts approach to governance and also proposes models for carrying out further research. &#x2013; Reproduced </subfield>
  </datafield>
  <datafield tag="650" ind1=" " ind2=" ">
    <subfield code="a">5Ts, Governance, Transformation, Public management, Odisha. </subfield>
    <subfield code="9">39172</subfield>
  </datafield>
  <datafield tag="773" ind1=" " ind2=" ">
    <subfield code="a">Indian Journal of Public Administration </subfield>
  </datafield>
  <datafield tag="906" ind1=" " ind2=" ">
    <subfield code="a">PUBLIC ADMINISTRATION</subfield>
  </datafield>
  <datafield tag="942" ind1=" " ind2=" ">
    <subfield code="c">AR</subfield>
  </datafield>
  <datafield tag="952" ind1=" " ind2=" ">
    <subfield code="0">0</subfield>
    <subfield code="1">0</subfield>
    <subfield code="2">ddc</subfield>
    <subfield code="4">0</subfield>
    <subfield code="7">0</subfield>
    <subfield code="9">398094</subfield>
    <subfield code="a">IIPA</subfield>
    <subfield code="b">IIPA</subfield>
    <subfield code="d">2023-06-28</subfield>
    <subfield code="h">69(2), Jun, 2023: p.400-414</subfield>
    <subfield code="p">AR129070</subfield>
    <subfield code="r">2023-06-28</subfield>
    <subfield code="y">AR</subfield>
  </datafield>
</record>
